00351cam a22000977a 4500008004000000082001600040245011900056260003700175300001000212700003100222180718b1977 xxu||||| |||| 00| 0 eng d aLoox54 In2a aFirst list of amendents to the central government compilation of the treasury rulescby Ministry of Finance, India aDelhibMinistry of Financec1977 a86+p. aIndia. Ministry of Finance